<?xml version="1.0" encoding="UTF-8"?>
<marc:record xmlns:marc="http://www.loc.gov/MARC21/slim">
   <marc:leader>00000nam a2200000 a 4500</marc:leader>
   <marc:datafield ind1="1" ind2=" " tag="100">
      <marc:subfield code="a">Jones, Dan</marc:subfield>
      <marc:subfield code="4">aut</marc:subfield>
      <marc:subfield code="e">Verfasser/-in</marc:subfield>
   </marc:datafield>
   <marc:datafield ind1="1" ind2=" " tag="100">
      <marc:subfield code="a">Schlatterer, Heike</marc:subfield>
      <marc:subfield code="4">trl</marc:subfield>
      <marc:subfield code="e">Übersetzer/-in</marc:subfield>
   </marc:datafield>
   <marc:datafield ind1="0" ind2="0" tag="245">
      <marc:subfield code="a">Spiel der Könige</marc:subfield>
   </marc:datafield>
   <marc:datafield ind1="0" ind2="0" tag="245">
      <marc:subfield code="b">das Haus Plantagenet und der lange Kampf um Englands Thron</marc:subfield>
   </marc:datafield>
   <marc:datafield ind1="0" ind2="0" tag="245">
      <marc:subfield code="c">Dan Jones. Aus dem Engl. von Heike Schlatterer</marc:subfield>
   </marc:datafield>
   <marc:datafield ind1=" " ind2="1" tag="264">
      <marc:subfield code="a">München</marc:subfield>
      <marc:subfield code="b">C.H.Beck</marc:subfield>
      <marc:subfield code="c">2020</marc:subfield>
   </marc:datafield>
   <marc:datafield ind1="1" ind2=" " tag="520">
      <marc:subfield code="a">Die mächtige, sagenumwobene Dynastie der Plantagenets herrschte vom Ende der normannischen Könige über die Zeit der Kreuzzüge und des Schwarzen Todes bis zum Beginn des Hundertjährigen Krieges über England und halb Frankreich. Der britische Historiker Dan Jones erzählt mit sicherem Gespür für vielsagende Details und souveräner Kenntnis von Quellen und Forschung, wie die Sprösslinge der Dynastie 300 Jahre lang um den Thron kämpften. Ein Meisterwerk, das uns besser verstehen lässt, warum sich «Englands schrecklichste Dynastie» von Richard Löwenherz bis zur Magna Carta so tief in die britische Identität einschreiben konnte.</marc:subfield>
   </marc:datafield>
   <marc:datafield ind1=" " ind2=" " tag="020">
      <marc:subfield code="a">9783406755811</marc:subfield>
      <marc:subfield code="9">9783406755811</marc:subfield>
   </marc:datafield>
   <marc:datafield ind1=" " ind2=" " tag="020">
      <marc:subfield code="a">340675581X</marc:subfield>
      <marc:subfield code="9">340675581X</marc:subfield>
   </marc:datafield>
   <marc:datafield ind1=" " ind2=" " tag="300">
      <marc:subfield code="a">686 Seiten</marc:subfield>
   </marc:datafield>
</marc:record>
